000 01964cam a22004574i 4500
003 PE-LiUPU
005 20250731173057.0
008 150623s r 000 0 d
020 _a0805418296
035 _a(Sirsi) i9780805418293
040 _aPE-LiUPU
_bspa
_cPE-LiUPU
_erda
049 _aPRUA
082 0 4 _a297.2
_bB81W
_221
100 1 _aBraswell, George W.,
_eautor.
245 1 0 _aWhat you need to know about Islam and muslims /
_cGeorge W. Braswell.
264 1 _aNashville, Tennessee :
_bBroadman & Holman Publishers,
_c2000.
300 _a183 páginas ;
_c23 centímetros
336 _atext
_2rdacontent
337 _aunmediated
_2rdamedia
338 _avolume
_2rdacarrier
504 _aIncluye bibliografía.
505 0 _aThe Muslims are coming!. -Muhammad: Prophet, ruler, commander in Chief. -Believe correctly, for the Quran says so. -Living the God life: how to get to heaven. -A whirlwind beginning: a global expansion. -Are all Muslims alike? unity and diversity. -Sitting at table with Muslims. -Muslims and some Big Issues. -The clash of two giants: christianity and Islam. -islam's view Jesus and Christians. -Christian responses to Muslim Denials. -Jesus and Muhammad. -The Christians are coming!. -Muslims in the United States. -Selected readings.
526 _aSEG42
526 _aSEG41
526 _aSEG40
526 _aSEG39
526 _aP94
526 _aP87
526 _aP86
526 _aP85
526 _aP77
526 _aP76
526 _aP35
650 0 4 _aIslamismo
_xDoctrinas.
942 _2ddc
_cBOOK
949 _a297.2 B81W
_wDEWEY
_c1
_i48646
_lCCODEBUL1
_mBUL
_r0
_sY
_tBOOK
_u2015-6-24
_xTEOLOGIA
_PP35
_0COMPRA
_o.STAFF. Colección General
994 _aC0
_bPEPRU
596 _a1
999 _a297.2 B81W
_wDEWEY
_c27819
_i48646
_f2021-11-11
_g5
_lCCODEBUL1
_mBUL
_r0
_sY
_tBOOK
_u2015-6-24
_xTEOLOGIA
_PP35
_0COMPRA
_o.STAFF. Colección General
_d27819
980 _81
_gALBERTO SANCHEZ Responsable de Automatización